[Event "POR-ch 2020"]
[Site "Portimao"]
[Date "2020.09.10"]
[Round "4.4"]
[White "Fernandes, Antonio"]
[Black "Martins, Bruno Andre Leite"]
[Result "1/2-1/2"]
[WhiteElo "2359"]
[BlackElo "2248"]
[Annotator "TA"]
[PlyCount "42"]
[EventDate "2020.09.07"]
[EventType "tourn"]
[EventCountry "POR"]
[SourceTitle "playchess.com"]
[Source "ChessBase"]
[SourceQuality "1"]

{[%evp 20,29,-48,-49,-65,-85,-60,-117,-165,-149,-192,-166]} 1. e4 e6 2. d4 d5 3. Nd2 Nf6 4. e5 Nfd7 5. Bd3 c5 6. c3 Nc6 7. Ne2 cxd4 8. cxd4 f6 9. f4 fxe5 10. fxe5 Nxd4 11. O-O Qb6 {Threatens to win with ...Nxe2+. C06: French Tarrasch: 3...Nf6 4 e5 Nfd7 5 Bd3 main lines.} 12. Kh1 {And now Nxd4 would win.} Nxe5 13. Nf4 {[#]} (13. Nxd4 $15 Qxd4 14. Bb5+ Bd7 15. Bxd7+ Kxd7 16. Qb3) 13... g6 $1 $17 14. Nb3 Nxb3 15. axb3 {[#] White got outplayed after the opening} {Predecessor:} Bg7 $146 16. Nh5 Rg8 17. Nxg7+ Rxg7 18. Bf4 Nf7 19. Qe2 Bd7 20. Be5 Kf8 21. Qf3 Be8 {½-½ (38) Gurtner,D (2110)-Dgebuadze,A (2487) Geneve 2014} 1/2-1/2

[Event "POR-ch 2020"]
[Site "Portimao"]
[Date "2020.09.10"]
[Round "4.5"]
[White "Santos, Antonio P"]
[Black "Fidalgo, Andre Neves"]
[Result "1-0"]
[WhiteElo "2160"]
[BlackElo "2268"]
[Annotator "TA"]
[PlyCount "167"]
[EventDate "2020.09.07"]
[EventType "tourn"]
[EventCountry "POR"]
[SourceTitle "playchess.com"]
[Source "ChessBase"]
[SourceQuality "1"]

{[%evp 19,167,6,35,7,0,1,17,15,10,1,0,0,0,0,0,0,0,-7,10,16,22,0,0,-27,29,0,0,0,0,0,0,-20,-17,-64,-75,-60,-70,-61,-27,-29,-30,-46,-27,-37,-32,-33,-4,0,-4,-53,0,0,0,16,22,21,25,21,37,23,35,0,0,0,0,0,0,0,0,0,0,0,0,0,0,0,2,0,0,-6,0,0,8,0,0,0,0,0,9,8,17,30,118,97,160,76,76,76,80,80,161,8,8,8,8,8,8,8,8,8,70,8,8,0,0,0,0,0,8,8,108,108,112,112,29963,29960,29980,29981,29980,29981,29982,29978,29981,29975,29979,29978,29971,29971,29982,29982,29982,29983,29983,29984,29984,29985,29985,29986,29986,29987]} 1. d4 Nf6 2. c4 g6 3. Nc3 d5 4. cxd5 Nxd5 5. e4 Nxc3 6. bxc3 Bg7 7. Bc4 c5 8. Ne2 O-O 9. O-O Nc6 10. Be3 b6 {The modern move.} 11. Rb1 {D87: Exchange Grünfeld: Classical Line: Variations without ...cxd4.} cxd4 12. cxd4 Bb7 13. Qa4 {The position is equal.} Na5 14. Bd3 e6 15. Rfd1 Qh4 16. f3 Rfd8 {[#]} 17. Bd2 $146 ({Predecessor:} 17. Bf2 Qe7 18. Be1 Nc6 19. Bb5 Rac8 20. d5 exd5 21. exd5 Na5 22. Bxa5 bxa5 23. Kh1 Rxd5 24. Rxd5 Bxd5 {½-½ (41) Riha,J-Kantor,K Brno 1961}) 17... Nc6 {[%cal Rc6d4]} 18. Be1 Qg5 {[%cal Rc6d4]} 19. Bb5 Rac8 20. Bf2 Na5 21. Be1 Nc6 (21... a6 $142 22. Bd3 Nc6) 22. Bf2 Qe7 23. Rdc1 {[%cal Rb5c6]} Na5 24. Rxc8 Rxc8 25. Be1 Qd8 26. Rd1 a6 27. Bxa5 bxa5 28. Bc4 Qc7 (28... Bc6 $5 {[%cal Rc6a4]} 29. Qb3 Rb8 $11) 29. Bd3 Bc6 30. Qc4 Bb5 (30... Qd8 {keeps more tension.} 31. Qb3 a4 32. Qb1 Bb5 33. Bxb5 axb5 34. Qxb5 Rc2) 31. Qxc7 Rxc7 32. Kf1 Bh6 33. f4 Bf8 34. g3 Ba3 (34... Bxd3 $15 35. Rxd3 Rc2) 35. Kf2 $11 Kf8 36. Ke3 Ke7 37. Rb1 Bb4 38. g4 h6 39. h3 Kd7 40. f5 gxf5 41. gxf5 exf5 42. e5 Bxd3 43. Kxd3 {[%mdl 4096] Endgame KRB-KRN} f6 44. exf6 Rc6 45. Rf1 Rxf6 46. Ng3 Ke6 47. Nh5 Rf7 48. Nf4+ Kd7 49. Kc4 Bd6 50. Kd5 Bc7 51. a4 Rf6 52. Nd3 f4 53. Ke4 Rb6 54. Nxf4 Rf6 55. Rf3 Bd6 (55... Bxf4 $1 $11 {keeps the balance.} 56. Rxf4 Re6+ 57. Kd3 Rb6) 56. Nd3 Re6+ {[#]} (56... Rxf3 $142 57. Kxf3 Bb4) 57. Ne5+ (57. Kd5 $142 $1) 57... Bxe5 $16 58. dxe5 {aiming for Rf7+. KR-KR} Rb6 59. Kf5 Rb4 {[#]} (59... Ke7 $16) 60. Rf4 $2 (60. Kf6 $1 $18) 60... Ke7 $11 61. Rg4 h5 62. Rg5 Rxa4 63. Rxh5 Rb4 64. Rh7+ Ke8 (64... Kd8 $11) 65. Rh6 (65. Kf6 $1 $14 Rf4+ 66. Ke6) 65... a4 $1 66. Rxa6 Rh4 $1 67. Ra8+ Ke7 68. Ra7+ Ke8 69. Ke6 {[%cal Ra7a8]} Rh6+ (69... Kd8 $1 $11) 70. Kd5 $16 Kd8 71. Rxa4 {h4 is the strong threat.} Ke7 $2 {[%mdl 8192] Black cannot hold the game after this.} (71... Rxh3 $16 72. Kd6 Rd3+ 73. Ke6 Re3 74. Ra8+ Kc7 75. Ra7+ Kd8 76. Ra8+ Kc7) 72. h4 {White mates.} Ke8 73. e6 Ke7 74. Ra7+ Kf6 75. Rf7+ Kg6 76. Rf4 Rh7 77. Kd6 Ra7 {[#]} 78. h5+ $1 Kxh5 79. e7 Ra6+ 80. Ke5 Ra5+ 81. Ke6 Ra6+ 82. Kf7 Kg5 83. Rf1 Ra7 84. Kf8 {Accuracy: White = 81%, Black = 78%.} 1-0

[Event "POR-ch 2020"]
[Site "Portimao"]
[Date "2020.09.11"]
[Round "5.1"]
[White "Fidalgo, Andre Neves"]
[Black "Rocha, Sergio"]
[Result "0-1"]
[WhiteElo "2268"]
[BlackElo "2341"]
[Annotator "TA"]
[PlyCount "132"]
[EventDate "2020.09.07"]
[EventType "tourn"]
[EventCountry "POR"]
[SourceTitle "playchess.com"]
[Source "ChessBase"]
[SourceQuality "1"]

{[%evp 16,132,22,22,33,35,44,0,12,5,5,11,8,0,1,-18,-21,-14,35,-16,33,0,0,-2,0,-6,-17,-5,0,0,0,0,0,0,44,7,75,72,79,83,83,83,100,69,89,83,76,71,90,68,65,0,88,-144,-132,-128,-146,-185,-185,-185,-183,-189,-141,-148,0,-185,-185,-217,-193,-204,-204,-264,-217,-239,-204,-236,-240,-222,-203,-179,-179,-206,-179,-183,-101,-191,-174,-244,-233,-237,-220,-459,-460,-470,-470,-463,-448,-371,-204,-274,-224,-2024,-2049,-12837,-6310,-29978,-29978,-29977,-29979,-29982,-29983,-29983,-29984,-29984,-29985,-29988,-29983,-29983,-29983]} 1. d4 Nf6 2. c4 e6 3. Nf3 Bb4+ 4. Bd2 Qe7 5. g3 Nc6 6. Bg2 Bxd2+ 7. Nbxd2 d6 8. O-O a5 9. Rc1 e5 {E11: Bogo-Indian.} 10. d5 {[#]} Nb4 $146 ({Predecessor:} 10... Nb8 11. c5 O-O 12. Nc4 Nbd7 13. c6 Nc5 14. Nxa5 Rxa5 15. b4 Rxa2 16. bxc5 dxc5 17. Qb3 Ra7 18. cxb7 Bxb7 19. e4 {½-½ (19) Teske,H (2487)-Dubiel,J (2423) Germany 2016}) 11. Ne1 Bd7 {The position is equal.} 12. a3 Na6 13. b3 h5 14. e4 h4 15. Nd3 hxg3 16. hxg3 Ng4 17. Re1 ({White should play} 17. b4 $14) 17... Kf8 18. f3 Nf6 19. Kf2 g6 20. Qe2 Kg7 21. Rh1 Nc5 22. Nxc5 dxc5 23. a4 Nh5 24. Qe3 Qf6 25. Nb1 Qb6 (25... Rh7 $11 {keeps the balance.}) 26. Bh3 $16 Nf6 27. Bxd7 Nxd7 28. Na3 Nf6 29. Qc3 Qd6 30. Rcd1 Qe7 31. Qd2 Qd7 32. Qg5 Qe7 {Strongly threatening ...Nxe4+!} 33. Kg2 (33. Qe3 $14) 33... Rad8 (33... Nxd5 $1 $11 34. Qxe7 Nxe7) 34. Nc2 $2 (34. Qd2 $16 {and life is bright.}) 34... Nxd5 $1 $17 {[%mdl 64] Discovered Attack} 35. Qxe7 Nxe7 36. Rhe1 Nc6 37. Rd5 {[#]} b6 $1 38. Rb1 Ne7 39. Rdd1 Nc6 40. Rd5 $1 Nd4 41. Nxd4 exd4 42. Rxd8 Rxd8 $19 {[%mdl 4096] Endgame KR-KR} 43. Rd1 Kf6 44. f4 c6 45. Kf3 Rh8 46. Kg2 Ke6 47. Ra1 Kd6 48. Ra2 Kc7 49. Ra1 Ra8 ({Better is} 49... f6 $19 50. Re1 Kd7) 50. Rc1 {[#]} (50. Rh1 $17) 50... b5 $1 {[%mdl 512]} 51. cxb5 (51. Rh1 $142) (51. axb5 cxb5) 51... Kb6 52. bxc6 Kxc6 53. Ra1 $2 (53. Rd1) 53... Rb8 54. Ra3 c4 55. bxc4 Kc5 56. Ra1 Kxc4 (56... d3 $142 57. Kf3 Rb2) 57. Rc1+ Kd3 {aiming for ...Ke2.} 58. Rc5 $2 (58. Kf3 Rb4 59. Rc7) 58... Ke3 59. f5 d3 60. Rxa5 d2 {Black mates.} 61. Rd5 Rb1 62. fxg6 fxg6 63. Rxd2 Kxd2 64. Kf3 Kd3 65. e5 Rf1+ 66. Kg4 Rf5 {Accuracy: White = 56%, Black = 75%.} 0-1

[Event "POR-ch 2020"]
[Site "Portimao"]
[Date "2020.09.10"]
[Round "5.2"]
[White "Martins, Bruno Andre Leite"]
[Black "Santos, Antonio P"]
[Result "1-0"]
[WhiteElo "2248"]
[BlackElo "2160"]
[Annotator "TA"]
[PlyCount "49"]
[EventDate "2020.09.07"]
[EventType "tourn"]
[EventCountry "POR"]
[SourceTitle "playchess.com"]
[Source "ChessBase"]
[SourceQuality "1"]

{[%evp 11,49,19,29,10,10,13,11,6,13,4,0,-1,13,4,0,0,0,5,16,6,10,0,0,10,29,25,58,53,37,46,223,231,354,347,398,419,494,482,503,413]} 1. e4 c5 2. Nf3 d6 3. d4 cxd4 4. Nxd4 Nf6 5. Nc3 a6 6. Bd3 e5 7. Nf5 {B90: Sicilian Najdorf: Unusual White 6th moves, 6 Be3 Ng4 and 6 Be3 e5.} Bxf5 8. exf5 d5 9. Bg5 {The position is equal.} Bb4 10. O-O Bxc3 11. bxc3 Nbd7 12. c4 dxc4 13. Bxc4 {[#]} O-O $146 ({Predecessor:} 13... Qc7 14. Qe2 O-O 15. Bb3 h6 16. Bh4 Qc5 17. Rad1 Rac8 18. Kh1 Rc6 19. f3 b5 {0-1 (58) Novotny,M-Huliak,P Slovakia 2002}) 14. Qf3 Qc7 15. Bb3 e4 16. Qh3 Qe5 17. Rad1 Rac8 18. Be3 Rc3 19. g4 {[#] g5 is the strong threat.} h6 20. Qg2 Rfc8 $2 {This costs Black the game.} (20... Rxe3 $14 21. fxe3 Qc3) 21. h4 $18 ({Not} 21. Bd4 Qf4 $11) 21... Qe7 {[#]} (21... Rxb3 $142 22. cxb3 h5) 22. g5 $1 Nh5 23. f6 Ndxf6 24. gxf6 Qxf6 25. Qg4 {Accuracy: White = 100%, Black = 63%.} 1-0

[Event "POR-ch 2020"]
[Site "Portimao"]
[Date "2020.09.11"]
[Round "5.3"]
[White "Diogo, Vasco"]
[Black "Fernandes, Antonio"]
[Result "0-1"]
[WhiteElo "2207"]
[BlackElo "2359"]
[Annotator "TA"]
[PlyCount "100"]
[EventDate "2020.09.07"]
[EventType "tourn"]
[EventCountry "POR"]
[SourceTitle "playchess.com"]
[Source "ChessBase"]
[SourceQuality "1"]

{[%evp 25,100,45,40,24,84,0,-7,-41,-21,-59,0,-29,-30,-43,-25,-36,0,-31,0,0,0,0,0,0,0,0,0,0,0,0,0,-21,-28,-45,-17,-82,-66,-77,-52,-115,-113,-137,-132,-191,-176,-178,-148,-187,-218,-236,-224,-216,-199,-359,-247,-279,-245,-451,-397,-985,-964,-845,-726,-711,-695,-642,-337,-329,-324,-327,-272,-424,-400,-29976,-29972,-29986,-29987]} 1. e4 c5 2. Nf3 d6 3. d4 cxd4 4. Nxd4 Nf6 5. Nc3 a6 6. Bg5 e6 7. f4 b5 8. e5 dxe5 9. fxe5 Qc7 10. exf6 Qe5+ 11. Be2 Qxg5 12. O-O Ra7 $1 {12...Ra7 scores better than 12...Qe5.} 13. Qd3 Rd7 {And now ...Rxd4! would win.} 14. Ne4 {B96: Sicilian Najdorf: 6 Bg5 e6 7 f4, lines other than 7...Qb6 and 7...Be7.} Qe5 (14... Qg6 $1 $11 {keeps the balance.}) 15. c3 (15. Nf3 $1 $16 {[%cal Rf3e5]} Qxb2 16. Qe3) 15... Bb7 $11 16. Bf3 {The position is equal.} Bxe4 $1 17. Bxe4 Bd6 (17... gxf6 $15 18. Rad1 Bc5) 18. g3 (18. Qh3 $5 {[%cal Ra1e1]}) 18... gxf6 19. Kg2 {[#]} Bc5 $146 {[%cal Rc5d4]} ({Predecessor:} 19... h5 20. Nc6 Qc5 21. b4 Qb6 22. Qf3 f5 23. Nxb8 Rc7 24. Bxf5 exf5 25. Rad1 h4 26. Qxf5 {0-1 (37) Jarecki,M (2142)-Tanti,J (2119) ICCF email 2011}) 20. Rad1 Qg5 21. a4 bxa4 (21... f5 {is interesting.} 22. Bf3 bxa4 23. Qc4 Bxd4 24. Rxd4 O-O) 22. Qc4 {Threatens to win with Nxe6!} Bxd4 $1 23. Rxd4 Rxd4 24. Qxd4 Qe5 25. Qxa4+ Kf8 26. Rd1 Kg7 27. Bf3 Rc8 28. Rd4 f5 29. Rd2 a5 30. Re2 {[#]} (30. g4 $11) 30... Qc5 $1 $17 31. Qf4 h6 32. Rd2 {Black continues to play with concentration.} (32. g4 $15) 32... Nc6 33. Re2 {[#]} Ne7 $1 34. h3 (34. Bh5 $17) 34... Ng6 $19 35. Qd2 Qb6 36. Kh2 Rd8 37. Qc2 f4 38. gxf4 Nxf4 39. Re1 $2 (39. Rd2) 39... Rb8 40. Rg1+ Kf8 41. Qe4 $2 (41. Bg2) 41... Qd6 42. Rd1 $2 (42. Kh1 Rxb2 43. Qa8+ Rb8 44. Qc6 Qxc6 45. Bxc6) 42... Rxb2+ 43. Kh1 Nd5 {[%csl Gb2][%cal Rd6h2]} 44. Bg2 Qg3 {...Rxg2! is the strong threat.} 45. Rg1 Qxc3 46. Qh4 {White threatens Qd8+ and mate.} Qf6 47. Qc4 Ne7 48. Qa6 (48. Qd3 $142) 48... Qe5 49. Qa7 (49. Qd3 $19 Ng6 50. Qd7) 49... Nf5 50. Rc1 Ng3+ {Accuracy: White = 44%, Black = 68%.} 0-1

[Event "POR-ch 2020"]
[Site "Portimao"]
[Date "2020.09.10"]
[Round "5.4"]
[White "Veiga, Jose Francisco R P N"]
[Black "Reis, Luis Sousa"]
[Result "1-0"]
[WhiteElo "2344"]
[BlackElo "2154"]
[Annotator "TA"]
[PlyCount "105"]
[EventDate "2020.09.07"]
[EventType "tourn"]
[EventCountry "POR"]
[SourceTitle "playchess.com"]
[Source "ChessBase"]
[SourceQuality "1"]

{[%evp 19,105,0,0,0,68,67,63,66,64,69,74,50,70,66,85,82,91,91,92,87,89,97,96,97,134,135,134,134,134,131,143,135,150,137,136,97,97,97,120,121,135,90,91,83,93,94,112,89,90,89,100,45,96,58,106,106,111,106,152,152,166,158,158,118,106,115,116,109,110,114,330,315,563,530,679,672,635,653,2205,2100,2290,2217,2164,1927,1867,1580,6045,6033]} 1. e4 e5 2. Nf3 Nc6 3. Bb5 f5 4. Nc3 fxe4 5. Nxe4 Nf6 6. Nxf6+ Qxf6 7. O-O Be7 8. Qe2 O-O 9. Bxc6 dxc6 10. Qxe5 Bg4 {[#]} 11. Re1 $146 {C63: Ruy Lopez: Schliemann/Jaenisch Defence.} ({Predecessor:} 11. Qxf6 Bxf6 12. Re1 Bxf3 13. gxf3 Bg5 14. Kg2 Rf5 15. d4 Raf8 16. Re5 Bxc1 17. Rxf5 Rxf5 18. Rxc1 Rg5+ 19. Kf1 Rf5 20. Kg2 Rg5+ 21. Kf1 Rf5 22. Re1 Rxf3 23. Re8+ Rf8 24. Re7 Rf7 {½-½ (24) Neiksans,A (2502)-Johannessen,L (2515) Porto Carras 2011}) 11... Bxf3 (11... Rfe8 $11) 12. Qxe7 $14 Qg6 {[%csl Gf3][%cal Rg6g2]} 13. Qe6+ {White is slightly better.} Qxe6 14. Rxe6 Bd1 15. c4 Rfe8 16. Re3 Rad8 {[#]} 17. d4 $1 {[%mdl 512]} Kf7 (17... Rxd4 18. Rxe8+) 18. Rxe8 Rxe8 $16 {[%cal Re8e1][%mdl 4096] Endgame KRB-KRB} 19. Be3 Be2 20. Rc1 Ke6 21. f3 b5 22. cxb5 Bxb5 23. Bf4 Kd7 24. Be5 g6 25. Kf2 a6 26. Ke3 a5 27. a4 Bxa4 28. Ra1 Bc2 29. Rxa5 Rb8 30. Kd2 Bf5 31. Kc3 Rb7 32. Ra8 h5 33. h3 Be6 34. b4 Bd5 35. Bg7 (35. Bf6 $16) 35... Ke6 (35... c5 $14) 36. Bh6 Kf7 37. Bf8 Ke6 38. Bc5 Kf7 39. h4 Kf6 40. Rf8+ Kg7 41. Kd3 Ra7 42. Rc8 Ra2 43. Rxc7+ Kf6 {[#]} 44. Rd7 $1 {Threatens to win with b5!} Rb2 $2 {This costs Black the game.} (44... Ra3+ $16 45. Ke2 Ra2+ 46. Kf1 g5) 45. Kc3 $18 Rxg2 $2 (45... Rb3+ {might work better.} 46. Kc2 Bc4 47. Rd6+ Kf5 48. Rxc6 Bb5 49. g4+ hxg4 50. fxg4+ (50. Kxb3 Bxc6 51. fxg4+ Kxg4 $18) 50... Ke4 51. Re6+ Kd5 52. Rxg6 Rh3) 46. Rd6+ {White is clearly winning.} Kf5 {[#]} 47. b5 $1 {[%cal Bb4b5,Bb5c6,Bc6c7][%mdl 544]} Bxf3 (47... cxb5 48. Rxd5+) 48. bxc6 Rg4 49. c7 Bb7 50. Rb6 Bc8 51. Rb8 Ba6 52. Kb4 Rg1 53. Ka5 {Accuracy: White = 87%, Black = 60%.} 1-0

[Event "POR-ch 2020"]
[Site "Portimao"]
[Date "2020.09.11"]
[Round "5.5"]
[White "Sousa, Andre Ventura"]
[Black "Dias, Paulo"]
[Result "1-0"]
[WhiteElo "2378"]
[BlackElo "2341"]
[Annotator "TA"]
[PlyCount "73"]
[EventDate "2020.09.07"]
[EventType "tourn"]
[EventCountry "POR"]
[SourceTitle "playchess.com"]
[Source "ChessBase"]
[SourceQuality "1"]

{[%evp 17,73,14,4,8,49,36,58,62,49,56,79,45,42,37,55,48,84,91,92,89,108,87,114,90,112,0,85,0,122,108,106,106,97,100,102,123,189,177,159,120,287,282,409,382,446,462,456,479,481,41,28,34,38,13,155,143,2901,2473]} 1. e4 d6 2. d4 Nf6 3. Nc3 g6 4. Nge2 Bg7 5. g3 O-O 6. Bg2 e5 7. O-O Nc6 8. d5 Ne7 9. f4 exf4 10. Bxf4 {B07: Pirc Defence: Miscellaneous Systems.} Ng4 11. Qd2 Re8 {[#]} 12. h3 $146 {White is slightly better.} ({Predecessor:} 12. Rae1 c6 13. h3 Ne5 14. dxc6 bxc6 15. Kh2 Ba6 16. Rd1 Qa5 17. b3 Rad8 18. Nd5 Qxd2 19. Nxe7+ Rxe7 20. Rxd2 {0-1 (49) Makaj,M (2153)-Biti,O (2356) Opatija 2003}) 12... Ne5 13. b3 Bd7 14. Nd4 c6 15. dxc6 bxc6 16. Rad1 Rc8 17. Nde2 d5 18. Kh2 Be6 19. Nd4 ({Of course not} 19. exd5 $6 Nxd5 20. Nxd5 Bxd5 $11) 19... Bd7 20. Bg5 {[%cal Re4d5]} Be6 21. Bf4 Bd7 $1 22. Bg5 {[%cal Re4d5]} Be6 $1 ({Don't play} 22... c5 $6 23. Nf3 $16) 23. Kh1 Qd6 24. Qf4 Qc5 25. Na4 Qd6 26. c4 Rcd8 (26... Bd7 $16 {was necessary.}) 27. exd5 cxd5 28. Nc3 {[%cal Ba4c3,Bc3e4,Be4f6][%mdl 32]} dxc4 $2 (28... Qb4 $16) 29. Ne4 $18 Qb6 (29... Qa6 $142) 30. Nf6+ Bxf6 31. Bxf6 {[#] Qh6 would kill now.} Nd7 32. Nxe6 Qxe6 33. Ba1 $2 (33. Bc3 $18 Nf5 34. Rfe1 (34. bxc4 Qe3 $15 {[%mdl 64] Double Attack})) 33... Nf5 $14 34. g4 $40 {[%mdl 128] White is up to no good.} Ne3 35. Rde1 {Threatens to win with Rxe3!} c3 (35... f6 $1 $11) 36. Bxc3 $16 {aiming for Rxe3!} Rc8 $2 {[%mdl 8192] [#]} (36... f6 $16) 37. Rxe3 $1 {[%mdl 512] Accuracy: White = 78%, Black = 44%.} 1-0

[Event "POR-ch 2020"]
[Site "Portimao"]
[Date "2020.09.11"]
[Round "6.1"]
[White "Rocha, Sergio"]
[Black "Dias, Paulo"]
[Result "1-0"]
[WhiteElo "2341"]
[BlackElo "2341"]
[Annotator "TA"]
[PlyCount "50"]
[EventDate "2020.09.07"]
[EventType "tourn"]
[EventCountry "POR"]
[SourceTitle "playchess.com"]
[Source "ChessBase"]
[SourceQuality "1"]

{[%evp 13,50,19,49,14,8,18,8,0,-7,0,42,22,29,33,21,32,29,0,0,0,0,0,2,21,0,0,0,31,145,148,137,135,152,145,158,152,377,390,1782]} 1. d4 Nf6 2. Nf3 c5 3. d5 d6 4. c4 e6 5. Nc3 exd5 6. cxd5 g6 7. h3 {7.Nd2 is the modern continuation.} Bg7 8. Bf4 {A61: Modern Benoni: Nf3 without early e4.} O-O 9. e3 Na6 10. Be2 {The position is equal.} Nc7 11. O-O b5 12. Nxb5 Nxb5 13. Bxb5 Rb8 14. a4 a6 15. Bc6 $36 {[%mdl 2048] White has the initiative.} Rxb2 16. Nd2 Rb4 17. Rc1 {[#]} a5 $146 ({Predecessor:} 17... Nh5 18. Bh2 f5 19. Re1 f4 20. e4 Bb2 21. Rc2 Qf6 22. Nf3 Be5 23. a5 Ng7 {½-½ (78) Zoler,D (2509)-Porat,S (2471) Israel 2011}) 18. Nc4 Ba6 19. Bb5 Bxb5 20. axb5 Rxb5 (20... a4 $14) 21. Bxd6 $16 Re8 22. Qa4 Rb4 23. Qc6 Re4 24. Nd2 Rb6 $2 (24... Re8 $16) 25. Bc7 $18 {[%mdl 64] [#] Double Attack} Rf4 $2 {Accuracy: White = 85%, Black = 63%.} (25... Rxc6 26. Bxd8 Re8 27. dxc6 Rxd8 28. Rxc5 Bf8) 1-0

[Event "POR-ch 2020"]
[Site "Portimao"]
[Date "2020.09.11"]
[Round "6.2"]
[White "Reis, Luis Sousa"]
[Black "Sousa, Andre Ventura"]
[Result "0-1"]
[WhiteElo "2154"]
[BlackElo "2378"]
[Annotator "TA"]
[PlyCount "98"]
[EventDate "2020.09.07"]
[EventType "tourn"]
[EventCountry "POR"]
[SourceTitle "playchess.com"]
[Source "ChessBase"]
[SourceQuality "1"]

{[%evp 15,98,2,11,-5,-18,-7,0,0,0,0,0,0,0,0,0,0,0,0,0,0,0,0,-7,-22,335,354,343,337,356,272,305,267,264,261,259,249,285,282,289,278,275,279,296,289,304,264,472,456,545,520,491,501,476,311,275,0,7,0,0,0,0,0,0,0,0,0,0,0,0,0,0,-1407,0,-12833,-12833,-12841,-12841,-12842,-12843,-12845,-12846,-12846,-12847,-12847,-12845]} 1. c4 e6 2. d4 Nf6 3. Nc3 Bb4 4. Qc2 O-O 5. a3 Bxc3+ 6. Qxc3 d5 7. Nf3 dxc4 8. Qxc4 b6 9. Bf4 {E36: Nimzo-Indian: Classical: 4...d5 5 a3.} Ba6 10. Qc2 c5 11. dxc5 {The position is equal.} bxc5 12. Qxc5 Nbd7 {[#]} 13. Qc7 $146 (13. Qc6 {seems wilder.} Nb6 14. Rd1 Rc8 15. Rxd8 Rxc6 16. Nd4) ({Predecessor:} 13. Qc6 Nb6 14. Bc7 {½-½ (14) Dreev,A (2649)-Postny,E (2595) Sibenik 2010}) 13... Qxc7 14. Bxc7 Rfc8 15. Bf4 Rc2 16. b4 Rac8 17. Nd4 R2c4 18. e4 e5 $1 {[%mdl 64] [#] Double Attack} ({Reject} 18... Rxd4 19. Bxa6 Rxe4+ 20. Be3 $16) 19. Bxc4 Bxc4 $4 {[%mdl 8192]} (19... Rxc4 $11 {and Black stays safe.} 20. b5 exf4) 20. Nf5 $18 Rc7 21. Bg3 Nxe4 22. f3 Nxg3 23. hxg3 Be6 24. Ne3 f5 25. Kd2 f4 26. gxf4 exf4 27. Ng4 Bxg4 28. fxg4 {[%mdl 4096] Endgame KRR-KRN} Nf6 29. Rac1 Rd7+ 30. Ke2 g5 $2 (30... Re7+ 31. Kf3 Re3+ 32. Kxf4 Nd5+ 33. Kf5 Ne7+ 34. Kg5 h6+ 35. Kh5 Re5+ 36. Kh4 Re3) 31. Rc8+ Kg7 32. Rhc1 Re7+ 33. Kf1 Nd5 34. Re1 {Strongly threatening Rxe7+.} Ne3+ 35. Rxe3 $2 (35. Kg1 $18) 35... fxe3 {KR-KR} 36. Ke2 Kf6 37. Rc5 Re4 38. Rf5+ Kg6 39. Ra5 Rxg4 40. Rxa7 Rxg2+ 41. Kxe3 Rb2 42. Ra6+ Kh5 43. Kf3 $2 {[%mdl 8192]} (43. Kd4 $11) 43... Rb3+ $2 ({Black should play} 43... g4+ $19 44. Kf4 Rf2+ 45. Ke3 Rf3+ 46. Kd2 g3) 44. Kg2 $2 {[%mdl 8192] [#]} (44. Ke2 $11) 44... g4 $1 $19 {Black is clearly winning.} 45. a4 Rxb4 46. a5 Ra4 47. Ra8 Kh4 48. a6 Ra2+ 49. Kf1 g3 {Quite a comeback for Black. Accuracy: White = 81%, Black = 86%.} 0-1